د ینیا ت (Record no. 147970)

MARC details
000 -LEADER
fixed length control field 00662nam a22001937a 4500
005 - DATE AND TIME OF LATEST TRANSACTION
control field 20171213111315.0
010 ## - LCCN (DPL NO)
LC control number UR-9965
020 ## - INTERNATIONAL STANDARD BOOK NUMBER
Terms of availability 54.00
International Standard Book Number -
035 ## - SYSTEM CONTROL NUMBER
System control number U-8520
037 ## - SOURCE OF ACQUISITION
Source of stock number/acquisition DBAD/PUB
100 ## - MAIN ENTRY--PERSONAL NAME
Personal name ا بو ا لا علی مو د و د ی
245 ## - TITLE STATEMENT
Title د ینیا ت
Statement of responsibility, etc ا بو ا لا علی مو د و د ی
246 ## - VARYING FORM OF TITLE
Remainder of title Deeniyat
Title proper/short title by Abul A'la Maudoodi
260 ## - PUBLICATION, DISTRIBUTION, ETC. (IMPRINT)
Place of publication, distribution, etc New Delhi
Name of publisher, distributor, etc Markazi Maktaba Islami Publishers
Date of publication, distribution, etc 2016
270 ## - ADDRESS
Address D-307,Dawat Nagar,Abul Fazal Enclave,Jamia Ngr.
City N.Delhi
Postal code 110025
Telephone number 26981652
Fax number -
300 ## - PHYSICAL DESCRIPTION
Extent 115ص
Dimensions 22 Cm.(B.b)
500 ## - GENERAL NOTE
General note دو حصہ
942 ## - ADDED ENTRY ELEMENTS (KOHA)
Source of classification or shelving scheme Dewey Decimal Classification
Item type Urdu Bks
Classification part 270
Call number suffix ا ب و
Holdings
Withdrawn status Lost status Not for loan Collection code Home library Current library Date acquired Source of acquisition Cost, normal purchase price Full call number Barcode Copy number Cost, replacement price Koha item type
    Not For Loan Non-fiction D.B.Act.Division D.B.Act.Division 13/12/2017 DBAD/PUB. 54.00 270 ا ب و U-8520 1 54.00 Urdu Bks

© Delhi Public Library
Hit Counter
free hit counter